The economic approach to environmental and natural resources
Gorde:
| Egile nagusia: | |
|---|---|
| Formatua: | Liburua |
| Hizkuntza: | Undetermined |
| Argitaratua: |
Victoria, Australia
Thomson (South-Western)
2005
|
| Gaiak: | |
| Etiketak: |
Etiketa erantsi
Etiketarik gabe, Izan zaitez lehena erregistro honi etiketa jartzen!
|
| Thư viện lưu trữ: | Trung tâm Học liệu Trường Đại học Cần Thơ |
|---|
| LEADER | 00685nam a2200217Ia 4500 | ||
|---|---|---|---|
| 001 | CTU_105990 | ||
| 008 | 210402s9999 xx 000 0 und d | ||
| 020 | |c 2414000 | ||
| 082 | |a 333.7 | ||
| 082 | |b K12 | ||
| 100 | |a Kahn, James R. | ||
| 245 | 4 | |a The economic approach to environmental and natural resources | |
| 245 | 0 | |c James R. Kahn | |
| 260 | |a Victoria, Australia | ||
| 260 | |b Thomson (South-Western) | ||
| 260 | |c 2005 | ||
| 526 | |a Lượng giá tài nguyên môi trường nâng cao | ||
| 526 | |b KT933 | ||
| 650 | |a Natural resources,Environmental economics | ||
| 904 | |i Minh (Nguyên sửa) | ||
| 980 | |a Trung tâm Học liệu Trường Đại học Cần Thơ | ||